LIBRARY & INFORMATION CENTRE, KCAET, TAVANUR

ONLINE PUBLIC ACCESS CATALOGUE (OPAC)

Linear programming / (Record no. 9846)

MARC details
000 -LEADER
fixed length control field 00493cam a2200205ua 4500
020 ## - INTERNATIONAL STANDARD BOOK NUMBER
ISBN 81 85015 91 0
041 ## - LANGUAGE CODE
Language code of text/sound track or separate title eng
082 ## - DEWEY DECIMAL CLASSIFICATION NUMBER
Classification number 519.72
Item number HAD/LI
100 ## - MAIN ENTRY--AUTHOR NAME
Personal name Hadley, G .
245 ## - TITLE STATEMENT
Title Linear programming /
250 ## - EDITION STATEMENT
Edition statement 4 /
260 ## - PUBLICATION, DISTRIBUTION, ETC. (IMPRINT)
Place of publication Chennai :
Name of publisher Narosa Publishing House ,
Year of publication 1992.
300 ## - PHYSICAL DESCRIPTION
Number of Pages 520 ; .
500 ## - GENERAL NOTE
General note *CSS
942 ## - ADDED ENTRY ELEMENTS (KOHA)
Koha item type Books
Holdings
Withdrawn status Lost status Damaged status Home library Current library Shelving location Date acquired Full call number Accession Number Koha item type
      KAUAET KAUAET Scheme 26/07/2018 519.72 HAD/LI 18326 Book Bank scheme for SC students
      KAUAET KAUAET Scheme 26/07/2018 519.72 HAD/LI 18327 Book Bank scheme for SC students
      KAUAET KAUAET Scheme 26/07/2018 519.72 HAD/LI 18328 Book Bank scheme for SC students
free website counter